The China Price - the true Cost of Chinese Competitive Advantage /

में बचाया:
ग्रंथसूची विवरण
मुख्य लेखक: Harney, Alexandra
स्वरूप: पुस्तक
भाषा:अंग्रेज़ी
प्रकाशित: New York Penguin Press 2008
संस्करण:1
विषय:
टैग: टैग जोड़ें
कोई टैग नहीं, इस रिकॉर्ड को टैग करने वाले पहले व्यक्ति बनें!

MARC

LEADER 00000nam a22000007a 4500
003 INP
005 20240227104327.0
008 240227b2008 us b|||f |||| 001 0 eng d
020 |a 978-1-59420-157-8 
040 |a EG-INP  |b eng  |c EG-INP 
082 |2 21  |a 338.6048  |b H . C 
100 |a Harney, Alexandra 
245 |a The China Price - the true Cost of Chinese Competitive Advantage /  |c Alexandra Harney (author) 
250 |a 1 
260 |a New York  |b Penguin Press  |c 2008 
300 |a 337p  |b paper  |c 24cm 
650 |2 qmark  |a Competitive advantage 
650 |a Five Star Factory 
650 |2 qmark  |a Stirring Masses 
650 |2 qmark  |a Modern Factory 
650 |2 qmark  |a The Future of China Orice 
901 |a INP 
902 |a egpv34 
903 |a copycat 
942 |2 ddc  |c BK 
952 |0 0  |1 0  |4 0  |6 338_604800000000000_H___C  |7 0  |9 22704  |a INP  |b INP  |c MAIN  |d 2024-02-27  |l 0  |o 338.6048 H . C  |p 024007  |r 2024-02-27 00:00:00  |w 2024-02-27  |y BK 
999 |c 18175  |d 18175